| 000 | 00714nam a2200169Ia 4500 | ||
|---|---|---|---|
| 003 | GCL | ||
| 008 | 140319s9999 xx 000 0 ara d | ||
| 040 |
_aGCL / _cGCL |
||
| 082 | 0 | 4 |
_aط _b813.087 _bد س |
| 245 | 1 | 0 | _aسلسلة القصص المصورة \ مغامرة فى الفضاء - لغة المستقبل - جزيرة الكنز - موبى ديك - مطاردات شيبوب - شيبوب وعصابة القراصنة - الصياد - فت فت وميكانو |
| 260 |
_aالقاهرة : _bدار ثقافة الاطفال |
||
| 300 |
_a8 مج ؛ _c24 سم |
||
| 490 |
_aسلسلة القصص المصورة _v0 |
||
| 650 | 0 | 4 | _aقصص الاطفال |
| 650 | 0 | 4 | _aادب الاطفال |
| 942 |
_2ddc _cBK |
||
| 999 |
_c56291 _d56291 |
||